000
00197nam a22000857a 4500
082
_a
623.43 ONE'T
245
_a
130-MM GUN M-46 SERVICE MANUAL
260
_a
LONDON
_b
TECHNICAL WING
_c
1960
942
_c
BK
999
_c
581201
_d
581201